000 00759nam a22002777a 4500
003 CHAP
005 20220329140649.0
008 971013s1951 r 00010 d
010 _a55613
011 _a56585
035 _a60738
040 _cCHAP
082 _a664.72
_bS26 1951
100 0 0 _aScott, J. H.
_9103385
245 _aFlour milling processes
250 _a2 ed.
260 _aLondon :
_bChapman,
_c1951
300 _a670 p.
_b: ilus.
590 _aBATCH-UPD
_b10
_c20130110
_lUCH01
_h0519
590 _aCONVERSION
_b10
_c20130109
_lUCH01
_h1330
650 1 4 _aHarina
_xMolinos.
_952685
650 1 4 _aTrigo
_xProductos.
_9115083
901 _aBK
942 _cLIBRO
949 _a664.72 S26 1951
_bBC
_cLIBRO
_d33724000115077
_eLIBRO
_h25306
_i60738
_si
999 _c55613
_d55613